[Event "Ruhrgebiet-ch U14"]
[Site "Muelheim"]
[Date "2004.04.04"]
[Round "3"]
[White "Piezynski, Steffen"]
[Black "Butschek, Marc"]
[Result "1-0"]
[WhiteElo "982"]
[BlackElo "1348"]
[PlyCount "87"]
[EventDate "2004.04.??"]
[EventType "swiss"]
[EventRounds "7"]
[EventCountry "GER"]
[SourceTitle "EXT 2005"]
[Source "ChessBase"]
[SourceDate "2004.11.15"]
[SourceVersion "1"]
[SourceVersionDate "2004.11.15"]
[SourceQuality "1"]

1. d4 d5 2. Bf4 Nc6 3. Nf3 Bf5 4. e3 e6 5. c4 Nb4 6. Qa4+ c6 7. Na3 Na6 8. cxd5 exd5 9. Bxa6 bxa6 10. Qxc6+ Bd7 11. Qxd5 Bb4+ 12. Nd2 Ne7 13. Qb7 Bxd2+ 14. Kxd2 Qc8 15. Qxc8+ Rxc8 16. Rac1 Bc6 17. Bd6 g6 18. Bxe7 Kxe7 19. f3 Bd5 20. Rxc8 Rxc8 21. b3 f5 22. Rc1 Rxc1 23. Kxc1 g5 24. Nc4 h5 25. Ne5 Kd6 26. Kd2 Kc7 27. Kd3 g4 28. e4 gxf3 29. gxf3 Be6 30. d5 fxe4+ 31. Kxe4 Bg8 32. f4 Kd6 33. Nc4+ Kc5 34. d6 Bxc4 35. d7 Bd5+ 36. Ke5 Bxb3 37. axb3 Kb4 38. d8Q Kxb3 39. Qc7 Kb4 40. Kd4 a5 41. Qc4+ Ka3 42. Qb5 a4 43. Kc3 a6 44. Qb2# 1-0